Quizzes
Events
Quiz Creation
Community
Videos
Private Events
Remove Ads
Sign In
Join for FREE
Feedback
Dark Mode
Quiz Categories
Sports
Geography
Music
Movies
Television
Just For Fun
Miscellaneous
History
Literature
Language
Science
Gaming
Entertainment
Religion
Holiday
For Kids
Quiz Lab
Recent
Popular Today
Quiz Kudos Today
Editor Picks
Curator Picks
Quizzes by...
Day
Popularity
Type
Ratings
Length
Year
Community
Subscriptions
Recent Discussions
Orange Saloon
Badges
Playlists
Quests
Create
Leaderboards
Showdown
Live 5
Trivia Bingo
Activity
Puzzle Library
Sporcle Events
Private Events
Virtual Trivia
Globe League
Become a Host
Pub Owners
SporcleCon
Opinionation
Our Games
Videos
Blog
Mobile Apps
Partnerships
Remove Ads and Go Orange
Feedback
Music
Pop Music
The Beatles
Song
Album
Lyrics
Bands
Singers
Artist
Clip
Rock
Rap
Classical
Billboard
Country Music
Kpop
Taylor Swift
Music
Pop Music
The Beatles
Song
Album
Lyrics
Bands
Singers
Artist
Clip
Rock
Rap
Classical
Billboard
Country Music
Kpop
Taylor Swift
Random Quiz
Search Sporcle
×
Quiz Lab
Quiz Lab
Music
Album
Type answers that appear on an image
Type answers that appear on an image
Map
Best Score? Go Orange.
Rachel Platten Songs Stats
Can you name the Rachel Platten songs from her CD Wildfire?
By
CGMFan1
5m
12 Questions
70 Plays
70 Plays
70 Plays
Comments
Comments
Give Quiz Kudos
Give Quiz Kudos
-
- Ratings
hide this ad
Replay
Link that replays current quiz
Next Quiz
Link to next quiz in quiz playlist
You Got
0%
They Got
Avg Score
68%
Avg Friend Score
Upgrade to see
Score Distribution
Jump to the score distribution portion of the page
Score
0/12
Timer
05:00
0
Plays Today
% Correct
Fight Song
97.1%
Stand By You
84.3%
Better Place
77.1%
Astronauts
65.7%
Congratulations
65.7%
Hey Hey Hallelujah
62.9%
Angels in Chelsea
62.9%
Superman
62.9%
Lone Ranger
61.4%
Beating Me Up
61.4%
Speechless
58.6%
You Don't Know My Heart
58.6%
Quiz Playlist
Details
Report
Send in Message
Add To Playlist
Map:
Type answers that appear on an image
Last Updated: Jul 29, 2017
Quiz Scoreboard
CHALLENGE
Sign Up to Join the Scoreboard
Show All
Scores
Hide
Comments
May contain spoilers
Recently Published
One Thing in Common: World Cities II
by knightlancer
Geography
7m
Popular People in 1961
by mucciniale
History
6m
1-10 Letter E Words III
by El_Dandy
Language
2m
More to Explore
Quiz From the Vault
Featured Blog Post
Where Did the Easter Bunny Come From?
hide this ad
You Might Also Like...
Tags
Album Quiz
Song Quiz
Solo Albums
Song Title
Top Albums
Today's Top Quizzes in Music
Browse Music
hide this ad
Today's Top Quizzes in Album
Browse Album
Top Contributed Quizzes in Music
1
Taylor Swift All Songs (2024)
2
Taylor Swift Logic Puzzle
3
2010s Album by Cover III
4
Guess the Taylor Swift song (Mystery Song)
5
One Thing in Common: Music
6
Guess the Artist- 70s Songs
7
2010s Album by Cover IV
8
2010s Album by Cover V
9
Get the Picture: Carrie or Dolly
10
Lana Del Rey Discography (BTD to DYKTTATUOB)
Explore More
Trending Topics
Kpop
Marvel
Crossword
Harry Potter
Disney
Anime
NBA
WWE
Soccer
NFL
Puzzle
The Office
Country
Song
Pokémon
hide this ad
More By:
CGMFan1
Quiz
Plays
Rating
Category
Featured
Created
IMDb: One Word Movie
35,322
4.61
Movies
Jan 5, 2019
McDonald's First Menu
22,360
4.67
Miscellaneous
Feb 25, 2018
Country Leadership Flags
19,202
4.66
Geography
Dec 16, 2016
Superhero NFL Logos
18,967
4.29
Sports
Sep 21, 2017
Bond: Impossible
17,223
4.54
Movies
Jan 1, 2019
Go to Creator's Profile
Score Distribution
Quiz Creator Spotlight
CGMFan1
Follow
Send a Message
Quizzes Created
-
Created Quiz Play Count
-
More By This Creator
Popular Quizzes Today
1
Find the US States - No Outlines Minefield
2
The Countries of the World
3
Popular People in 1961
4
Find the Countries of Europe - No Outlines Minefield
5
1-10 Letter E Words III
6
Find the US States
7
One Thing in Common: World Cities II
8
US States
More Music Quizzes
Summer Music
Quiz Lab
Trending Quizzes
Country Music Stars Doing Things
Get the Picture: Carrie or Dolly
1-10 Letter F Words
1-10 Letter G Words
Risky Map Clicking: Next State Alphabetically
Recently Updated
Leaping Animals
pecheneg
Reality TV Shows (A-Z)
bhenderson79
Rickey Henderson's Hall of Fame Teammates
pecheneg
Champions League XIs: Arsenal
pecheneg
Quick Pick: Celebrities in WWE's Hall of Fame
aduchscher
A-Z Keypad Blitz II
pecheneg
Multiple Oscar Actors
pecheneg
Mystery Phrase Blitz: Oscar 'Best Actors'
pecheneg
F. Scott Fitzgerald Novels
LTH
Pick 3 Villains
ddd62291
Trending Topics
NBA
Anime
Kpop
Disney
Harry Potter
Crossword
Marvel
Country
The Office
Soccer
Pokémon
WWE
Puzzle
NFL
Song
Your Account Isn't Verified!
In order to create a playlist on Sporcle, you need to verify the email address you used during registration. Go to your
Sporcle Settings
to finish the process.
Report this User
Report this user for behavior that violates our
Community Guidelines
.
Details:
Send Report
Go to the Sporcle.com Mobile Site →
Comments